Reseña del estado de Tamaulipas /
Con motivo del primer centenario de la Revolución mexicana, el estado de Tamaulipas publica esta obra que es una monografía de dicho estado en donde se ven aspectos generales de la geografía, la política y la economía, principalmente.
Guardado en:
| 主要作者: | |
|---|---|
| 格式: | 图书 |
| 语言: | 西班牙语 |
| 主题: | |
| 标签: |
没有标签, 成为第一个标记此记录!
|
MARC
| LEADER | 00000nam^a2200000^a^4500 | ||
|---|---|---|---|
| 001 | 000129809 | ||
| 005 | 20250526000000.0 | ||
| 009 | 20260310094927.268 | ||
| 037 | |a Acervo ITESO - Biblioteca | ||
| 041 | |a ESP | ||
| 082 | |a 972. 12 |b ARG | ||
| 100 | |a Argüelles, Adalberto J. |e (autor) | ||
| 245 | 1 | 0 | |a Reseña del estado de Tamaulipas / |c A.J. Argüelles. |
| 264 | |a Ciudad Victoria, México : |b Gobierno del Estado de Tamaulipas, |c 1910 | ||
| 300 | |a 322 p. ; |c 23.5 cm. | ||
| 520 | |a Con motivo del primer centenario de la Revolución mexicana, el estado de Tamaulipas publica esta obra que es una monografía de dicho estado en donde se ven aspectos generales de la geografía, la política y la economía, principalmente. | ||
| 649 | |a XX | ||
| 650 | |a Recursos Naturales - |z Tamaulipas | ||
| 650 | |a Recursos Naturales - |z México | ||
| 650 | |a Geografía Física - |z Tamaulipas | ||
| 650 | |a Geografía Física - |z México | ||
| 650 | |a División Política y Administrativa - |z Tamaulipas | ||
| 650 | |a División Política y Administrativa - |z México | ||
| 650 | |a Política - |z Tamaulipas | ||
| 650 | |a Política - |z México | ||
| 650 | |a Geografía Política - |z Tamaulipas | ||
| 650 | |a Geografía Política - |z México | ||
| 650 | |a Desarrollo Económico-Social - |z Tamaulipas | ||
| 650 | |a Desarrollo Económico-Social - |z México | ||
| 650 | |a Economía - |z Tamaulipas | ||
| 650 | |a Economía - |z México | ||
| 650 | |a Tamaulipas - |x Descripción | ||
| 650 | |a Tamaulipas - |x Historia | ||
| 650 | |a México - |x Descripción | ||
| 650 | |a México - |x Historia | ||
| 910 | |a Fondo Salvador Reynoso Reynoso | ||
| 920 | |a Impresos - Libros | ||
| 930 | |a Libros Antiguos y Raros | ||
| 905 | |a 108 | ||
| 901 | |a 0800012110 |b IT2 |c LRA |u 20250526 | ||
| 902 | |a https://opac.biblio.iteso.mx/vufind/Record/000129809 | ||